Missing Word: James Quiz Stats

 Plays Quiz Updated Aug 16, 2016

Challenge
Share
Tweet
Embed
Score 0/20 Timer 03:00
0 Plays Today
Hint Answer % Correct
Etta James
singer: song titles
Love
94.7%
Etta James
singer: song titles
Me
93.2%
Etta James
singer: song titles
All
92.8%
James L. Brooks
producer, writer: TV shows
Moore
92.8%
James McAvoy
actor: movies
King
91.3%
James McAvoy
actor: movies
Juliet
88.1%
James L. Brooks
producer, writer: TV shows
Andy
85.9%
James L. Brooks
producer, writer: TV shows
Tracey
82.6%
James McAvoy
actor: movies
First
78.3%
James L. Brooks
producer, writer: TV shows
Sons
76.6%
Hint Answer % Correct
Etta James
singer: song titles
At
72%
Etta James
singer: song titles
Weather
70.7%
Henry James
author: books/stories
Turn
65%
James L. Brooks
producer, writer: TV shows
Lou
63.6%
Henry James
author: books/stories
Lady
47.2%
Henry James
author: books/stories
Wings
27.3%
Henry James
author: books/stories
Miller
24.6%
James McAvoy
actor: movies
Jane
23.1%
James McAvoy
actor: movies
Last
20%
Henry James
author: books/stories
Bowl
9%

Today's Daily Dose

Missing Word
Madam, I'm Adam

Quick Pick
Meat vs Animal

On This Day
October 21st II

You're not logged in!

Compare scores with friends on all Sporcle quizzes.
Join for Free
OR
Log In

You Might Also Like...

Show Comments

Extras

Top Quizzes Today


Score Distribution

Your Account Isn't Verified!

In order to create a playlist on Sporcle, you need to verify the email address you used during registration. Go to your Sporcle Settings to finish the process.

Report this User

Report this user for behavior that violates our Community Guidelines.

Details: